000 nam a22 7a 4500
999 _c15552
_d15552
008 161102b xxu||||| |||| 00| 0 eng d
020 _a9780070026643
050 _aQA 37.2 .A948 1992
100 _aAyres, Frank.
_d1992
245 _aSchaum's outline of theory and problems of college mathematics :
_balgebra, discrete mathematics, trigonometry, geometry, introduction to calculus/
_cFrank Aryes and Philip A. Schmidt
250 _a2nd ed
260 _aNew York :
_bMcGraw-Hill,
_c1992.
300 _a1 online resource (viii, 459 pages) :
_billustrations.
_c25cm.
521 _aIncludes index.
650 _aMathematics.
650 _aMathematics- problems,exercises etc.
700 _aSchmidt, Philip A.
942 _2lcc
_cBOOKS
_hQA 37.2 .A948 1992
_05